| 000 | 00891cam a22002653a 4500 | ||
|---|---|---|---|
| 001 | 10345 | ||
| 003 | PGUSA | ||
| 005 | 20140828083223.0 | ||
| 008 | 031101s2003||||xxu|||||s|||||000 | eng d | ||
| 040 |
_aPGUSA _beng |
||
| 042 | _adc | ||
| 050 | 4 | _aE151 | |
| 100 | 1 |
_aTrollope, Frances Milton, _d1780-1863 |
|
| 245 | 1 | 0 |
_aDomestic Manners of the Americans _h[electronic resource] / _cFrances Milton Trollope |
| 260 |
_bProject Gutenberg, _c2003 |
||
| 506 | _aPublic domain in the USA. | ||
| 516 | _aElectronic text | ||
| 653 | _aUnited States -- Description and travel | ||
| 653 | _aUnited States -- Social life and customs -- 1783-1865 | ||
| 653 | _aUnited States -- Social conditions -- To 1865 | ||
| 653 | _aTrollope, Frances Milton, 1780-1863 -- Travel -- United States | ||
| 830 | 0 |
_aProject Gutenberg _v10345 |
|
| 856 | 4 | 0 | _uhttp://www.gutenberg.org/ebooks/10345 |
| 942 | _cEB | ||
| 999 |
_c239600 _d239600 |
||